Obálka
Pro půjčování e-knih musíte být přihlášeni.
Jak si půjčit online?

Kubula a Kuba Kubikula /

Před dávnými lety chodil po světě medvědář Kuba Kubikula se svým nezbedným a mlsným medvědem Kubulou dlouho, ale najednou už si s ním opravdu nevěděl rady. A tak si vymyslel dobrácké medvědí strašidlo Barbuchu, aby mu pomohlo Kubulu zkrotit. Ale nakonec bylo všechno přece jen trochu jinak Roztomilý...

Celý popis

Uloženo v:
Hlavní autor: Vančura, Vladislav (Autor)
Další autoři: Smolík, František (Autor)
Médium: E-audiokniha
Vydáno: Praha : Supraphon a.s., 2012
Tagy:
Žádné tagy
LEADER 01494nim a22002537i 4500
001 313225
007 sr nunnnnnnned
024 |a 099925925529 
044 |a xr 
100 1 |a  Vančura, Vladislav  |4 aut 
245 1 0 |a Kubula a Kuba Kubikula /  |c  Vančura, Vladislav 
264 1 |a Praha :  |b Supraphon a.s.,  |c 2012 
300 |a 1 online zdroj (1 hod., 44 min., 20 sek.) 
336 |a mluvené slovo  |b spw  |2 rdacontent 
337 |a audio  |b s  |2 rdamedia 
338 |a online zdroj  |b cr  |2 rdacarrier 
505 0 0 |t 1. cast (52 min., 4 sek.) 
505 0 0 |t 2. cast (52 min., 8 sek.) 
520 2 |a Před dávnými lety chodil po světě medvědář Kuba Kubikula se svým nezbedným a mlsným medvědem Kubulou dlouho, ale najednou už si s ním opravdu nevěděl rady. A tak si vymyslel dobrácké medvědí strašidlo Barbuchu, aby mu pomohlo Kubulu zkrotit. Ale nakonec bylo všechno přece jen trochu jinak Roztomilý příběh medvědáře a jeho medvěda neztratil ani po letech od svého prvního vydání nic ze svého kouzla, moudrosti, osobitosti a vtipu. V nahrávce z šedestých let uslyšíte Františka Smolíka. 
700 1 |a  Smolík, František  |4 nrt 
910 |a RBIT002 
998 |d 398735  |a https://core.palmknihy.cz/api/books/398735/cover?s8wig0  |b https://core.palmknihy.cz/api/books/398735/cover/400?s8wig0  |c https://core.palmknihy.cz/api/books/398735/cover/50?s8wig0  |e 2099-01-01  |i 099925925529  |l 6260  |q 49  |r 1  |s https://www.palmknihy.cz/kniha/398735  |t audiobook  |y 2012  |z 1 
999 |d 313223